Locations In The Legend Of Zelda: A Link To The Past - Statistics

General Stats
  • This quiz has been taken 41 times
  • The average score is 20 of 43
Answer Stats
World Location % Correct
Light Death Mountain
95%
Dark Ganon's Tower
86%
Light Link's House
86%
Dark Turtle Rock
86%
Light Desert Palace
82%
Light Hyrule Castle
82%
Light Kakariko Village
82%
Dark Misery Mire
82%
Dark Skull Woods
82%
Light Tower Of Hera
82%
Light Lost Woods
77%
Light Eastern Palace
73%
Dark Palace Of Darkness
73%
Dark Swamp Palace
73%
Dark Ice Palace
68%
Light Sanctuary
68%
Dark Thieves' Town
68%
Light Zora's Waterfall
68%
Light Cemetery
55%
Light Lake Hylia
55%
Light Magic Shop
55%
Dark Pyramid Of Power
45%
Light Library
41%
Dark Village Of Outcasts
36%
Light Ice Cave
32%
Light Smithery
32%
Light Secret Passage
27%
Light Sacred Grove
23%
Light Great Swamp
18%
Light Pond Of Happiness
18%
Light Waterfall Of Wishing
18%
Light Desert Of Mystery
14%
Light Haunted Grove
14%
Dark Ice Lake
9%
Dark Lake Of III Omen
9%
Light Sahasrahla's House
9%
Dark Skeleton Forest
9%
Dark Swamp Of Evil
9%
Dark Dark World Shield Shop
5%
Dark Ghostly Garden
5%
Light Kakariko Village Shop
5%
Light Lake Hylia Shop Cave
5%
Dark Plains Of Ruin
5%
No matching quizzes found
Score Distribution
Percent of People with Each Score
Percentile by Number Answered
Your Score History
You have not taken this quiz